000 00440cam a2200169 4500
001 D14003
008 090401t xxu||||| |||| 00| 0 eng d
035 _a(Sirsi) u94590
041 _aeng
110 _aSurvey of India
_92931
245 _aAccount of the operations of the Great Trigonmetrical survey of India
260 _bDehra Dun
350 _a0
520 _a18v only?; Room 306; Shelves 199-200
942 _n0
948 _c04/03/1997
999 _c98091
_d98091